ბათუმის შოთა რუსთაველის სახელმწიფო უნივერსიტეტის ბიბლიოთეკა

თხზულებანი : სრული კრებული 7 ტომად. ტ. 2 (ბიბ.ჩანაწერი № 48729)

000 -LEADER
fixed length control field 01133nam a2200217Ia 4500
001 - CONTROL NUMBER
control field 15629
003 - CONTROL NUMBER IDENTIFIER
control field GE_BSU
008 - FIXED-LENGTH DATA ELEMENTS--GENERAL INFORMATION
fixed length control field 181216s||||||||xx |||||||||||||| ||und||
040 ## - CATALOGING SOURCE
Transcribing agency GE_BSU
080 ## - UNIVERSAL DECIMAL CLASSIFICATION NUMBER
Universal Decimal Classification number 821.353.1-1
100 ## - MAIN ENTRY--PERSONAL NAME
Personal name წერეთელი, ა.
245 ## - TITLE STATEMENT
Title თხზულებანი : სრული კრებული 7 ტომად. ტ. 2
245 ## - TITLE STATEMENT
Remainder of title ლექსები
245 ## - TITLE STATEMENT
Statement of responsibility, etc. ი. თავაძის, ა. აბაშელის, ი. გრიშაშვილის, პ. ინგოროყვას და გ. ლეონიძის რედ. მხატვ.: ლადო გრიგოლია
260 ## - PUBLICATION, DISTRIBUTION, ETC.
Place of publication, distribution, etc. თბილისი
260 ## - PUBLICATION, DISTRIBUTION, ETC.
Name of publisher, distributor, etc. სახელგამი
260 ## - PUBLICATION, DISTRIBUTION, ETC.
Date of publication, distribution, etc. 1941
300 ## - PHYSICAL DESCRIPTION
Extent 764 გვ26 სმ.
300 ## - PHYSICAL DESCRIPTION
Accompanying material დანართი: აკაკი წერეთლის ლექსები, ნარკვევი (კომენტარი, ტექსტის ისტორია, ქრონოლოგია) გვ. 618-744. - ანბანური საძიებელი. გვ. 759-63.
942 ## - ADDED ENTRY ELEMENTS (KOHA)
Koha item type წიგნი
ეგზემპლარები
Withdrawn status Lost status Damaged status Not for loan Date acquired Barcode Date last seen Price effective from Koha item type
        2018-12-17 38904 2018-12-17 2018-12-17 წიგნი